000 02416nam0a22005171 4500
001 RU\NLR\A1\25202
005 20260407103941.0
035 _a(NLR Aleph) 009679526
090 _a9696422
_c9696422
100 _a19990316d1779 m y0rusy50 ca
101 1 _arus
_cfre
102 _aRU
135 _acrcn 024anaba
140 _ay y gayaa0000
200 1 _aЩастливая мещанка
_fКомедия П. С.
_gПереведена с французскаго
210 _a[М.]
_cПечатана в типографии Императорскаго Московскаго университета
_d1779
215 _a32 с.
_d
304 _aПо Смирдину, "П. С." - пер.
316 _aЭкз. РНБ (18.148.2.61) в обл. из мрамор. бумаги. На 1-й с. обл. ярлык с шифром РНБ, на 2-й с. обл пустой ярлык. На тит. л. и с. 32 круглые штампы ГПБ. Размер 12х19,5х0,4 см.
_5NLR: 18.148.2.61
317 _aЭкз. СПбГТБ из собрания вел. кн. Павла Александровича
_5СПбГТБ
321 1 _aСК XVIII 7077
325 _aКопия доступна в Электрон. б-ке РНБ
518 1 _aСчастливая мещанка
620 _dМосква
701 0 _aП. С.
_4070
702 0 _4390
_7ca
_8rus
_aПавел Александрович
_cвеликий князь
_f1860-1919
_9119832
_3RU\NLR\AUTH\7710047
712 0 2 _4610
_aМосковский университет
_bТипография
_9361140
_3RU\NLR\AUTH\889932963
801 0 _aRU
_bNLR
_c19990316
852 _aNLR
_j18.148.2.61
856 0 _uhttp://vivaldi.nlr.ru/bx700000097/view
856 1 _uhttp://vivaldi.nlr.ru/bx700000097/cover
856 2 _uhttp://vivaldi.nlr.ru/bx700000097/text
899 _aБАН
899 _aГПИБ
899 _aКостОУНБ
899 _aСПбГТБ
942 _cBOOK
980 _aNB
980 3 _akpcivil
980 3 _akp
980 _aA1XVIIIv
981 2 0 _a(20) Книжные памятники РНБ
_b(20) Русский книжный фонд